000 00749nam a22002537a 4500
001 000589
003 DO-SdBNP
005 20180130114340.0
007 000589
008 160318b2004 sp ||||| |||| 00| 0 spa d
020 _a8495311305
040 _6BPMSU
_8spa
_aBPMSU
_crcl
100 1 _aPérez Galdós, Benito,
_d1843-1920.
245 1 0 _aMarianela /
_cBenito Pérez Galdós.
250 _a3a. ed.
260 _aMadrid:
_bEdiciones Escolares,
_c2004.
300 _a187 p.
_c24 cm.
490 1 _aClásicos universales. Mestas Ediciones
_v65
500 _3Edición integra
830 0 _pClásicos universales. Mestas Ediciones
_v65
942 _2ddc
_cBK
945 _aInventariado, 2018 /LP
956 _2VMATEO
_310
_620160318
_8BPMSU
_a00069
999 _c9330
_d9330